LEADER 01466nam a2200349 a 4500 001 000000124455 003 CaOOAMICUS 005 20110301112740.0 008 110228s2010 it u000 u ita r 020 $a978-88-13-30628-1 040 $aPUL$bita 082 04$a346.4503 100 1 $aBilancetti, Mauro.$0(OLS)http://pul/name/78606 245 13$aLa responsabilità penale e civile del medico /$cMauro Bilancetti, Francesco Bilancetti. 250 $a7. ed. 260 $aPadova :$bCEDAM,$c2010. 300 $axii, 1172 p. ;$c25 cm 650 4$aDiritto penale.$0(OLS)http://pul/subject/1808 650 4$aResponsabilità civile.$0(OLS)http://pul/subject/17546 650 4$aResponsabilità (Diritto).$0(OLS)http://pul/subject/17883 650 4$aMedici$xResponsabilità$xDiritto.$0(OLS)http://pul/subject/35043 700 1 $aBilancetti, Francesco.$0(OLS)http://pul/name/78607 850 $aPUL 852 $aPUL$W1$xSL Diritto e Scienze Sociali 3$y79$m346. 4503 BILMA 1$j143269$qDDC 21$q $B142307$CPULBib$Z2$F142307 $H115753 $81 941 1 $a9 960 $aPena (diritto)$91808 960 $aPena (diritto)$91808 996 $6020$a978-88-13-30628-1$9(OLS)http://pul/number/146462 996 $6082$a346.4503$9(OLS)http://pul/classification/455 996 $6245$aLa responsabilità penale e civile del medico$9(OLS)http://pul/title/156881 996 $6260$aPadova :$bCEDAM$9(OLS)http://pul/publisher/48126 LEADER 01396nam a2200265 u 4500 001 000000083373 003 CaOOAMICUS 005 20070226123949.0 008 050504s1921 fr u000 u lat u 035 $a11044822 040 $aPUL(R)$bita 100 1 $aRaze, Henri Roux de,$cS.I.,$d1790-1863.$0(OLS)http://pul/name/23650 245 10$aConcordantiarum SS. Scripturae manuale :$beditio in commodissimum ordinem disposita et cum ipso textu sacro de Verbo ad Verbum sexies collata /$cauctoribus PP. De Raze, De Lachaud et Flandrin, Societatis Jesu presbyteris: opus dicatum Ill. Cardinal De Bonald. 250 $aEd. 18a. 260 $aParisiis ;$aapud Victorem Lecoffre ,$c1921. 300 $aviii, 751 p. ;$c21 cm 630 04$aBiblia.$0(OLS)http://pul/subject/2876 700 1 $aFlandrin, Jean Baptiste,$cS.I.$0(OLS)http://pul/name/10773 700 1 $aLachaud, Edmond de,$cS.I.$0(OLS)http://pul/name/10772 850 $aPUL 852 $aPUL$W1$xDP1 Fondo Cecchetti$y53$m264 G 18$j106074$nBK-PRI$b $qFondi$B106074$CPULBib$Z2$F106074 $HPUL957 $81 941 1 $a1 960 $aBibbia$92876 996 $6245$aConcordantiarum SS. Scripturae manuale :$beditio in commodissimum ordinem disposita et cum ipso textu sacro de Verbo ad Verbum sexies collata$9(OLS)http://pul/title/16168 996 $6260$aParisiis ;$aapud Victorem Lecoffre $9(OLS)http://pul/publisher/76544